00728nam a2200241 a 4500001001300000003000900013005001700022008004100039020001000080082001800090100001900108245004900127260002900176300000900205500003500214505003600249650003100285700001900316902000800335942000700343952011900350999001700469nice12345678IN_TiNIC20260116013950.0050524s1997 dela grd 000 0 eng  ac50000a495.4321bBUC aBuck, Stuart H aTibetan-English Dictionary (with Supplement) aDelhibSri Satguruc1997 a833p aincludes index and biblioraphy2 aBibliography, Chronology, Index aTibetan-English-Dictionary1 aBuck, Stuart H bRHR cBK 001040708ReferHall-aHMIbHMId2007-06-08g500.00l0o495.4321 BUCp019162r2007-06-08v500.00w2005-05-24yBK c13293d13293